Страны по Спутниковому Снимку #2 - Statistics

General Stats
  • This quiz has been taken 580 times
  • The average score is 9 of 16
Answer Stats
Picture Answer % Correct
Египет
95%
Южно-Африканская Республика
89%
Кипр
89%
Иран
79%
Куба
70%
Северная Корея
59%
Финляндия
59%
Израиль
56%
Непал
54%
Нидерланды
50%
Бангладеш
46%
Кувейт
36%
Эквадор
35%
Сингапур
33%
Бахрейн
30%
Гвинея-Бисау
13%
No matching quizzes found
Score Distribution
Percent of People with Each Score
Percentile by Number Answered
Your Score History
You have not taken this quiz